000 00698nam a2200265Ia 4500
005 20260121171219.0
008 008 260114s9999 xx 000 0 eng d
020 _a9789811377433
037 _aEBOOK
040 _aCRL
040 _beng
040 _cCRL
041 _2eng
041 _aeng
084 _qCRL
100 _aBilly Tak Hoi Leung, Jingzhen Xie, Linlin Geng, Priscilla Nga Ian Pun
_91073442
245 0 _aTransferring Information Literacy Practices
260 _bSpringer
260 _bSpringer
260 _c2019
856 _uhttps://link.springer.com/openurl?genre=book&isbn=978-981-13-7743-3
942 _cEBOOK
999 _c1639172
_d1639172